000 00887nam a22002417a 4500
999 _c65083
_d65083
005 20240530110806.0
008 190227s2018 ua ac f b 000 0 ara d
017 _a2018/8397
_bمصر. دار الكتب
020 _a9789770934746
040 _aEG-CaGPL
_cEG-CaGPL
082 0 4 _221
_a962.091991/
_bق/م ج
100 0 _aمحمد م. الارناؤوط
245 1 2 _aالجالية المخفية :
_bفصول من تاريخ الالبان فى مصر /
_cمحمد م. الارناؤوط
250 _aط.1
260 _aالقاهرة :
_bدار الشروق ،
_c2018.
300 _a217 ص. :
_bايض ؛
_c24 سم.
504 _aيشتمل على ارجاعات ببليوجرافية
650 _2qrmak
651 0 7 _2qrmak
_aمصر
_xتاريخ
651 0 7 _2qrmak
_aمصر
_xتاريخ
_xالالبانيون
942 _2ddc
_cBK